Reconstrucción y/o reparación de piezas de fundición gris, por medio de soldadura al arco (SMAW) / (Registro nro. 2398)

Detalles MARC
000 -LEADER
campo de control de longitud fija 02233nam a22004097a 4500
001 - NÚMERO DE CONTROL
campo de control 42835
003 - IDENTIFICADOR DE NÚMERO DE CONTROL
campo de control gtgccic
005 - FECHA Y HORA DE LA ÚLTIMA TRANSACCIÓN
campo de control 20251023100006.0
007 - CAMPO FIJO DE DESCRIPCIÓN FÍSICA--INFORMACIÓN GENERAL
campo de control de longitud fija ta
008 - DATOS DE LONGITUD FIJA--INFORMACIÓN GENERAL
campo de control de longitud fija 251023b gt ||||| |||| 00| 0 spa d
040 ## - FUENTE DE CATALOGACIÓN
Centro catalogador/agencia de origen gtgccic
Lengua de catalogación spa
Centro/agencia transcriptor gtgccic
Normas de descripción rda
084 ## - OTRO NÚMERO DE CLASIFICACIÓN
Número de control del registro de autoridad o número normalizado TPI-15-0078
100 10 - ENTRADA PRINCIPAL--NOMBRE DE PERSONA
Nombre de persona Byron José Bonilla Chang
Fechas asociadas al nombre Ingeniero Mecánico
Término indicativo de función/relación autor
245 10 - MENCIÓN DEL TÍTULO
Título Reconstrucción y/o reparación de piezas de fundición gris, por medio de soldadura al arco (SMAW) /
Mención de responsabilidad, etc. Bonilla Chang, Byron José
264 #1 - PRODUCCIÓN, PUBLICACIÓN, DISTRIBUCIÓN, FABRICACIÓN Y COPYRIGHT
Producción, publicación, distribución, fabricación y copyright Guatemala, Guatemala :
Nombre del de productor, editor, distribuidor, fabricante USAC, Facultad de Ingeniería ;
Fecha de producción, publicación, distribución, fabricación o copyright 2015.-
300 ## - DESCRIPCIÓN FÍSICA
Extensión xxx, 90 p. :
Otras características físicas il. ;
Dimensiones 27 cm
336 ## - TIPO DE CONTENIDO
Fuente rdacontenido
Término de tipo de contenido Texto
Código de tipo de contenido txt
337 ## - TIPO DE MEDIO
Fuente rdamedio
Nombre/término del tipo de medio sin mediación
Código del tipo de medio n
338 ## - TIPO DE SOPORTE
Fuente rdasoporte
Nombre/término del tipo de soporte volumen
Código del tipo de soporte nc
502 ## - NOTA DE TESIS
Nota de tesis Tesis Postgrado
Tipo de título MAESTRO EN INGENIERÍA DE MANTENIMIENTO
Nombre de la institución que otorga el título USAC, Facultad de Ingeniería, Escuela de Postgrado
Año de obtención del título 2015
Identificador de la tesis TPI-15-0078
504 ## - NOTA DE BIBLIOGRAFÍA, ETC.
Nota de bibliografía, etc. Nota Bibliografía pag. 87
505 ## - NOTA DE CONTENIDO CON FORMATO
Título 1. ALEACIONES HIERRO-CARBONO
505 ## - NOTA DE CONTENIDO CON FORMATO
Título 2. SOLDABILIDAD DE LA FUNDICIÓN GRIS
505 ## - NOTA DE CONTENIDO CON FORMATO
Título 3. DISEÑO DE LA INVESTIGACIÓN
505 ## - NOTA DE CONTENIDO CON FORMATO
Título 4. PROCESO EXPERIMENTAL
505 ## - NOTA DE CONTENIDO CON FORMATO
Título 5. RESULTADOS
505 ## - NOTA DE CONTENIDO CON FORMATO
Título 6. ANÁLISIS DE RESULTADOS
505 ## - NOTA DE CONTENIDO CON FORMATO
Título 7. CONSIDERACIONES PARA SELECCIÓN DEL MÉTODO
505 ## - NOTA DE CONTENIDO CON FORMATO
Título 8. METODOLOGÍA SELECCIONADA PARA LA SOLDADURA EN FUNDICIONES DE HIERRO
520 ## - RESUMEN, ETC.
Sumario, etc. En Guatemala, tanto dentro de la industria en general, como en los proyectos de infraestructura y los servicios artesanales a todo nivel de producción, se desarrolló un sinnúmero de procesos empíricos de soldadura para la reparación, recuperación y reconstrucción de elementos de máquinas y estructurales de diversos tipos de metales; los procesos de reconstrucción se efectúan por medio de soldadura, específicamente el proceso SMAW. El campo más extenso lo ocupa la recuperación y reconstrucción de piezas de acero, en sus diversas características, para lo cual ya se ha logrado proponer una serie de metodologías que coadyuvan a la aplicación efectiva de los procesos referidos,
650 ## - PUNTO DE ACCESO ADICIONAL DE MATERIA--TÉRMINO DE MATERIA
Término de materia o nombre geográfico como elemento de entrada RECONSTRUCCIÓN
650 ## - PUNTO DE ACCESO ADICIONAL DE MATERIA--TÉRMINO DE MATERIA
Término de materia o nombre geográfico como elemento de entrada FUNDICIONES
650 ## - PUNTO DE ACCESO ADICIONAL DE MATERIA--TÉRMINO DE MATERIA
Término de materia o nombre geográfico como elemento de entrada SOLDADURA
700 ## - ENTRADA AGREGADA--NOMBRE PERSONAL
Nombre de persona Dr. Sc. Ing. Roberto Aguilar Rivas
Término indicativo de función/relación asesor
942 ## - ELEMENTOS DE ENTRADA SECUNDARIOS (KOHA)
Fuente de la clasificación o esquema de estantería Clasificación Decimal Dewey
Tipo de ítem Koha TESISPOSTGRADO
945 ## - PROCESAMIENTO DE INFORMACIÓN LOCAL (OCLC)
a amlo
Existencias
Estatus retirado Estado de pérdida Fuente de la clasificación o esquema de estantería Estado de daño No para préstamo Biblioteca de origen Biblioteca actual Fecha de adquisición Número de inventario Total de préstamos Signatura topográfica completa Código de barras Visto por última vez Precio de reemplazo Tipo de ítem Koha Nota pública
    Clasificación Decimal Dewey     CENTRO DE INFORMACIÓN A LA CONSTRUCCIÓN-CICON CENTRO DE INFORMACIÓN A LA CONSTRUCCIÓN-CICON 23/10/2025 P-2015-0078   TPI-15-0078 20150078 23/10/2025 23/10/2025 TESISPOSTGRADO disponible